000 00454nam a22001577a 4500
003 OSt
005 20120302145312.0
008 090428t xxu||||| |||| 00| 0 eng d
035 _a३२४८
040 _cमराठी
100 _aमाळवदे, रमण
_94280
245 _a| ब्रम्हाक्षरं |
250 _a१ ली
260 _aमुंबई
_bढवळे, बा. ग.
_c१९८०
942 _2ddc
_cBOOK
999 _c489424
_d489421